Venezuela's Petroff from guerrilla to congressman /

Reproduce la entrevista que el director de la NACLA le hiciera a Teodoro Petkoff, ex-dirigente de la guerrilla venezolana y en ese momento (1987), congresista y dirigente máximo del MAS (Movimiento al Socialismo). en la conversación con Marc Edelman, Petkof discurre sobre diferentes temas de polític...

Full description

Saved in:
Bibliographic Details
Main Author: Edelman, Marc
Format: Text
Subjects:
Tags: Add Tag
No Tags, Be the first to tag this record!

MARC

LEADER 00000 a a2200000 04500
001 9881
003
040
100 |a Edelman, Marc  
245 |a Venezuela's Petroff from guerrilla to congressman /  |c Marc Edelman 
520 |a Reproduce la entrevista que el director de la NACLA le hiciera a Teodoro Petkoff, ex-dirigente de la guerrilla venezolana y en ese momento (1987), congresista y dirigente máximo del MAS (Movimiento al Socialismo). en la conversación con Marc Edelman, Petkof discurre sobre diferentes temas de política latinaomericana y venezolana, tales como: la formación del MAS y su programa, su paso del Partido comunista Venezolano a la guerrilla y de aquí al parlamento, el significado histórico de la guerrilla en Latinoamérica, la división histórica entre el marxismo y el populismo, las posibilidades de la izquierda en Venezuela y sobre los puntos programáticos fundamentales del MAS MB/EL  
650 |a GUERRILLEROS  
650 |a MOVIMIENTO AL SOCIALISMO, VE  
650 |a PARTIDOS POLITICOS  
650 |a ELECCIONES  
773 |g volumen 21, número 3; páginas 9-13  
999 |c 35771  |d 35771